Ortografía 1
Sábháilte in:
| Príomhchruthaitheoirí: | , |
|---|---|
| Formáid: | LEABHAR |
| Teanga: | Spáinnis |
| Foilsithe / Cruthaithe: |
Madrid
Ediciones SM
1994
|
| Sraith: | Cuaderno de SM. Lengua y Literatura
|
| Ábhair: | |
| Clibeanna: |
Cuir clib leis
Níl clibeanna ann, Bí ar an gcéad duine le clib a chur leis an taifead seo!
|
MARC
| LEADER | 00000nam a2200000 a 4500 | ||
|---|---|---|---|
| 001 | UCH8401 | ||
| 003 | CL-VaPUC | ||
| 008 | 091127e19940000SP |||||||||||||||||spa|d | ||
| 020 | |a 8434824485 | ||
| 082 | 0 | 4 | |a 372.632 |b ALE |2 21 |
| 100 | 0 | |a Alejandre Sánchez, Milagros |e author |9 544993 | |
| 700 | 0 | |a Simón Molina, María |e author |9 544994 | |
| 245 | 1 | 0 | |a Ortografía 1 |
| 300 | |a 95 p | ||
| 942 | |c BK | ||
| 945 | |d 20091127 00:00:00 |a lazolas | ||
| 260 | |a Madrid |b Ediciones SM |c 1994 | ||
| 650 | 0 | |a Enseñanza del lenguaje |9 373325 | |
| 650 | 0 | |a Ortografía |9 309144 | |
| 650 | 0 | |a Español |9 255372 | |
| 583 | |a last modification |c 20091127 00:00:00 |k Rodrigo Vera | ||
| 490 | 0 | |a Cuaderno de SM. Lengua y Literatura | |
| 999 | |c 338615 |d 338613 | ||